Statistics for World Geography by letter E

Click here to take the quiz!

General Stats

  • This quiz has been taken 84 times
  • The average score is 13 of 15

Answer Stats

HintAnswer% Correct
The most spoken language around the worldEnglish
100%
A tower in Paris, FranceEiffel Tower
99%
The biggest constituent country of the UKEngland
99%
The line splitting the Northern and Southern HemispheresEquator
99%
A ContinentEurope
99%
A planetEarth
97%
The tallest mountain on Earth.Mt. Everest
97%
A country in Central AmericaEl Salvador
91%
Ireland in IrishEire
86%
Chilean island in PolynesiaEaster island
81%
Formerly known as AbyssiniaEthiopia
77%
Former name of TokyoEdo
73%
Major river in Central EuropeElbe
67%
.......... GuineaEquatorial Guinea
57%
The strongest on it's continent, famous for it's historyEgypt
56%

Score Distribution

Percentile by Number Answered

Percent of People with Each Score

Your Score History

You have not taken this quiz